Microwave Engineering (Record no. 37129)

MARC details
000 -LEADER
fixed length control field 00396nam a2200169Ia 4500
008 - FIXED-LENGTH DATA ELEMENTS--GENERAL INFORMATION
fixed length control field 230524s9999 xx 000 0 und d
082 ## - DEWEY DECIMAL CLASSIFICATION NUMBER
Classification number 621.382
Item number DAS
100 ## - MAIN ENTRY--AUTHOR NAME
Personal name Annapurna Das
245 #0 - TITLE STATEMENT
Title Microwave Engineering
250 ## - EDITION STATEMENT
Edition statement 1ST
260 ## - PUBLICATION, DISTRIBUTION, ETC. (IMPRINT)
Place of publication NEW DELHI
Name of publisher TMH
Year of publication 2007
300 ## - PHYSICAL DESCRIPTION
Number of Pages X;513
500 ## - GENERAL NOTE
General note Quantity Number: 2
650 ## - SUBJECT ADDED ENTRY--TOPICAL TERM
Topical Term Electronics
700 ## - ADDED ENTRY--PERSONAL NAME
Personal name Sisir K.Das
942 ## - ADDED ENTRY ELEMENTS (KOHA)
Koha item type Books
Holdings
Lost status Damaged status Permanent Location Current Location Shelving location Date acquired Full call number Accession Number Koha item type
    Central Library, Trident Academy of Technology Central Library, Trident Academy of Technology General Stacks 05/24/2023 621.382 DAS 16775 Books
    Central Library, Trident Academy of Technology Central Library, Trident Academy of Technology General Stacks 05/24/2023 621.382 DAS 16776 Books
Trident Academy of Technology © 2023.
All rights reserved.                                                                                                                                                                                                        Designed by Team of Central Library .

Powered by Koha